Informática 1 : (Registro nro. 10105)

Detalles MARC
000 -LIDER
fixed length control field 01075nam a22002657a 4500
001 - NÚMERO DE CONTROL
Identificador de número de control 002357
003 - IDENTIFICACDOR DE NÚMERO DE CONTROL
control field DO-SdBNP
005 - DATE AND TIME OF LATEST TRANSACTION
control field 20180312113622.0
007 - CAMPOS FIJOS DE DESCRIPCIÓN FÍSICA
fixed length control field 002357
008 - ELEMENTOS DE LONGITUD FIJA
fixed length control field 160511b 2014 dr ||||| |||| 00| 0 spa d
020 ## - ISBN
International Standard Book Number 9789945118636
040 ## - FUENTE DE CATALOGACIÓN
Agencia que crea de manera original el registro BPMSU
Idioma de catalogación spa
Agencia que realiza la transcripción BPMSU
245 ## - MENCIÓN DE TITULO
Título Informática 1 :
Subtítulo educación primaria /
Medio (Designación general de material) derección editorial Claudia Llibre ; ilustración Ruddy Núñez...[et.a.]
260 ## - PUBLICACIÓN, DISTRIBUCIÓN, ETC. (PIE DE IMPRENTA)
Lugar de publicación, distribución, etc Santo Domingo :
Nombre del editor, distribuidor, etc. Santillana,
Fecha de publicación, distribución, etc 2014
300 ## - DESCRIPCIÓN FÍSICA
Extensión 53 p. :
Otros detalles físicos il. ;
Dimensiones 29 cm.
490 ## - MENCIÓN DE SERIES
Mención de serie Todos juntos
500 ## - NOTA GENERAL
Nota general Este libro ha sido realizado de conformidad con el curriculum vigente y ha sido sometido a la aprobación del MINERD [Ministerio de Educación República Dominicana]
505 ## - NOTA DE CONTENIDO
Título Las máquinas y las computadoras --
-- Los componentes de la computadora --
-- El teclado --
-- Los comandos del teclado --
-- El mause --
700 ## - ASIENTO SECUNDARIO -- NOMBRE PERSONAL
Nombre personal Llibre,Claudia
700 ## - ASIENTO SECUNDARIO -- NOMBRE PERSONAL
Nombre personal Núñez, Ruddy
Mención de responsabilidad il.
830 ## - ASIENTO SECUNDARIO DE SERIE--TÍTULO UNIFORME
Título uniforme Todos juntos
942 ## - ADDED ENTRY ELEMENTS (KOHA)
Source of classification or shelving scheme Dewey Decimal Classification
Koha item type Libros
945 ## - INFORMACIÓN DE PROCESAMIENTO LOCAL
Información de procesamiento local Remanejada para la BNPHU 2018 / BT
956 ## - LOCAL ELECTRONIC LOCATION AND ACCESS (OCLC)
Método de acceso VMATEO
Materiales especificados 10
Enlace 20160511
Campo enlazado y núm. de secuencia BPMSU
Nombre de host 0069
Existencias
Withdrawn status Lost status Source of classification or shelving scheme Damaged status Not for loan Home library Current library Date acquired Source of acquisition Total Checkouts Barcode Date last seen Price effective from Koha item type
    Dewey Decimal Classification     Biblioteca Pública Metropolitana Salomé Ureña Biblioteca Pública Metropolitana Salomé Ureña 05/11/2016 Donación   BPMSU16050271 05/11/2016 05/11/2016 Libros